000 00845nam a2200205Ii 4500
003 JO-AjNU
008 230605s9999||||xx |||||||||||||| ||und||
040 _aJO-AjNU
_bara
_erda
_cJO-AjNU
041 _aara
050 1 4 _aBP188.16 2009
100 3 _aالمنتدى العالمي للوسطية,
_eauthor
_941229
245 0 0 _aترسيخ الفكر الوسطي في العالم الإسلامي: الندوة الدولية الأولى المنتدى العالمي للوسطية عمان- الاردن 12-15 / 12/ 2009
264 3 1 _aعمان: المنتدى العالمي للوسطية، 2009
300 _a140ص
336 _atext
_btxt
_2rdacontent
337 _aunmediated
_bn
_2rdamedia
338 _avolume
_bnc
_2rdacarrier
490 0 _aسلسلة الفكر الوسطي 28
650 4 _aالوسطية- الاسلام
_941230
999 _aA17561
_c21129
_d21129